Les jeux vidéo les plus vendus - Statistiques

Statistiques générales
  • Ce quiz a été pris 68 fois
  • Le résultat moyen est 4 sur 15
Statistiques - réponses
Indice Répondre % Correct
1 Minecraft
81%
2 Grand Theft Auto V
66%
15 Call of duty
58%
6 Mario Kart 8 Deluxe
47%
11 Super Mario Bros
44%
3 Tétris
33%
12 Animal Crossing
19%
8 Red Dead Redemption
14%
4 Wii Sports
13%
7 Pokémon rouge/bleu/vert/jaune
11%
13 The Witcher 3
9%
14 Pokémon Or/Argent/Cristal
6%
9 Terraria
3%
10 Wii Fit
3%
5 Pubg Battlegrounds
2%
Aucun quiz correspondant
Distribution des résultats
% des personnes avec chaque résultat
Percentile par nombre de réponses
Votre historique - résultats
Vous n’avez pas pris ce quiz